Jak wypelniac deklaracje VAT 7 [przyklady, komentarz]
Gespeichert in:
| 1. Verfasser: | |
|---|---|
| Format: | Buch |
| Sprache: | Polnisch |
| Veröffentlicht: |
Warszawa
Transit
1999
|
| Schriftenreihe: | ABC podatnika
90 |
| Schlagworte: | |
| Tags: |
Keine Tags, Fügen Sie das erste Tag hinzu!
|
MARC
| LEADER | 00000nam a2200000 4500 | ||
|---|---|---|---|
| 001 | c123776 | ||
| 005 | 20221221082800.7 | ||
| 022 | |a 1233-8281 | ||
| 041 | 0 | |a pol | |
| 044 | |a PL | ||
| 245 | 1 | 0 | |a Jak wypelniac deklaracje VAT 7 |b [przyklady, komentarz] |c Juliusz Kaminski |
| 264 | 1 | |a Warszawa |b Transit |c 1999 | |
| 300 | |a 99 s. | ||
| 490 | 1 | |a ABC podatnika |v 90 | |
| 830 | 0 | |a ABC podatnika |v 90 | |
| 610 | 2 | 0 | |a dane |
| 610 | 2 | 0 | |a politika daňová |
| 610 | 2 | 0 | |a výkazy účtovné |
| 610 | 2 | 0 | |a tovar |
| 610 | 2 | 0 | |a služby |
| 610 | 2 | 0 | |a formuláre |
| 610 | 2 | 0 | |a poradenstvo |
| 610 | 2 | 0 | |a Poľsko |
| 100 | 1 | |a Kaminski, Juliusz | |